000
00301nam a2200121Ia 4500
008
151213s9999 xx 000 0 und d
245
_a
Doing More With SAS Assist Software
260
_a
Cary N. C.
_b
SAS Institute
_c
1994
300
_a
3135 p.
650
_a
Computer
650
_a
Computer
999
_c
2160
_d
2160